| 000 | 00914 a2200217 4500 | ||
|---|---|---|---|
| 001 | 43233 | ||
| 005 | 20260407155716.0 | ||
| 008 | 260407a1952 arg spa d | ||
| 003 | AR-UNSa-BCEJYS | ||
| 040 |
_aAR-UNSa-BCEJYS _bspa _cAR-UNSa-BCEJYS |
||
| 080 |
_a911.2:620.9 _xGeografía de la energía |
||
| 245 | 1 | 0 | _aGeografía de la energía |
| 264 | 1 |
_aBarcelona : _bEdiciones Omega _c1952 |
|
| 300 |
_a424 p. _c21 cm. |
||
| 505 | _aPrimera parte : Fuentes y formas de energía : 1. Los combustibles sólidos - 2. Los combustibles líquidos y los gases naturales - 3. La energía eléctronica - Segunda parte : El consumo de la energía : 1. El consumo y el comercio de la energía en las economías industriales - 2. Las economías con preponderancia de energía natural - | ||
| 041 | _aspa | ||
| 942 | _cBK | ||
| 590 | _aniveau_biblio:m niveau_hierar:0 | ||
| 100 | 1 | _aForda, Luis | |
| 700 | 1 | _aGeorge, Pierre | |
| 999 |
_c3674 _d3674 |
||